banner-ar

حرية الاعلام ونزاهة الانتخابات : (Record no. 66191)

MARC details
000 -الفاتح
حقل البيانات ثابتة الطول 01088nam a22002417a 4500
005 - وقت وتاريخ اخر تعامل مع التسجيلة
رقم الضبط 20240530110904.0
008 - عناصر البيانات ثابتة الطول - معلومات عامة
حقل البيانات ثابتة الطول 220209s2007 ua a b 000 0 ara d
017 ## - رقم الايداع القانونى
المصدر ( الهيئة المختصة) مصر. دار الكتب
رقم الايداع القانونى 2007/11559
040 ## - مصدر الفهرسة
وكالة الفهرسة الأصلية EG-CaGPL
وكالة النسخ EG-CaGPL
082 04 - رقم تصنيف ديوى العشرى
رقم الطبعة 21
رقم التصنيف 324.73\
رقم المادة م ح
100 0# - المدخل الرئيسى - إسم شخصى
الإسم الشخصى معتز الفجيرى
245 10 - بيان العنوان
العنوان حرية الاعلام ونزاهة الانتخابات :
بقية العنوان مجموعة وثائق حول المعايير الدولية والاقليمية /
بيان المسئوليه,etc مراجعة وتقديم معتز الفجيرى ؛ ترجمة تامر عبدالوهاب ، عبدالغنى محفوظ ، محمد حرفوش
250 ## - بيان الطبعة
بيان الطبعة ط.1
260 ## - PUBLICATION, DISTRIBUTION, ETC. (IMPRINT)
تاريخ النشر أو التوزيع 2007
300 ## - الوصف المادى
التعداد 94 ص؛
أبعاد الوعاء 22 سم
490 0# - بيان السلسلة
عنوان السلسلة سلسلة قضايا حركية ؛
رقم المجلد/ التعيين التسلسلي 23
504 ## - تبصرة ببليوجرافية
تبصرة ببليوجرافية,الخ يشتمل على ارجاعات ببليوجرافية
650 07 - المدخل الاضافى بالموضوع-مصطلح موضوعى
مصدر الرأس أو المصطلح qrmak
مصطلح موضوعي الانتخابات
650 07 - المدخل الاضافى بالموضوع-مصطلح موضوعى
مصدر الرأس أو المصطلح حرية الراى
651 ## - المدخل الاضافى بالموضوع - اسم جغرافى
مصدر الرأس أو المصطلح qrmak
942 ## - عناصر المدخل الإضافي( كوها)
مصدر التصنيف او مخطط الترفيف Dewey Decimal Classification
Koha [default] item type كتاب
260 ## - PUBLICATION, DISTRIBUTION, ETC. (IMPRINT)
-- القاهرة :
-- مركز القاهرة لدراسات حقوق الانسان ،
Holdings
حالة التراجع حالة الفقد حالة تلف ليس للاعارة المكان المؤقت الموقع الحالى موقع الترفيف تاريخ الاكتساب اجمالي اﻻعارات رقم الطلب الباركود تاريخ اخر مشاهدة تاريخ تفعيل السعر نوع وعاء كوها
        مكتبة القاهرة الكبرى مكتبة القاهرة الكبرى ق الرئيسية_العلوم الاجتماعية_ك عربى 02/20/2022   324.73\ م ح 167456 02/20/2022 02/20/2022 كتاب

Powered By

EGPV